| 000 | 02169nam0a2200349 4500 | ||
|---|---|---|---|
| 001 | RU\NLR\BIBL_A\021967937 | ||
| 005 | 20230828101225.0 | ||
| 010 |
_a978-5-00127-381-3 _94000 |
||
| 021 |
_aRU _bКН-П-23-033518 _9КН-П-23-3329 |
||
| 035 | _a(NLR Aleph) 021967937 | ||
| 035 | _a(RuMoRGB)011806301 | ||
| 090 |
_a12348499 _c12348499 |
||
| 100 | _a20230623d2023 u y0rusy50 ca | ||
| 101 | 0 | _arus | |
| 102 | _aRU | ||
| 105 | _aa w 000zy | ||
| 181 | 0 |
_ai _baxxe |
|
| 182 | 0 | _an | |
| 200 | 1 |
_aЧитаем псалмы с детьми _eбеседы о Часах и Шестопсалмии для детей и взрослых _fЭдуард Качан |
|
| 203 |
_aТекст _bвизуальный _cнепосредственный |
||
| 210 |
_aМосква _cСибирская Благозвонница _d2023 |
||
| 215 |
_a398 с. _cил. _d21 |
||
| 330 | _a"Лучше солнцу не светить, чем людям не читать Псалтирь". Так сказал однажды святитель Иоанн Златоуст. Но те православные христиане, что приступали к этой библейской Книге, знают, какое это непростое дело. Эта книга - помощь юным и взрослым христианам в понимании смысла тех псалмов, с которыми мы сталкиваемся чаще всего, - звучащих в храме во время чтения Часов и Шестопсалмия. Надеемся, что книга поможет читателям увидеть огромную глубину Псалтири и постепенно привыкнуть к регулярному молитвенному чтению ее | ||
| 333 | _a6+ | ||
| 606 | 1 |
_aПсалмы _jИздания для детей _92211567 _3RU\NLR\AUTH\661328506 |
|
| 686 | 0 |
_aШ9 _bЭ |
|
| 700 | 1 |
_aКачан _bЭ. Н. _gЭдуард Николаевич |
|
| 942 | _cBOOK | ||
| 980 | _aNB | ||